| 000 | 00424cam a22001217a 4500 | ||
|---|---|---|---|
| 008 | 180718b1984 xxu||||| |||| 00| 0 eng d | ||
| 082 | _aI5x42 Un3c | ||
| 100 | _aUnited Kingdom. Efficiency Unit | ||
| 245 |
_aConsultancy, inspection and review services in government departments: report to the Prime Minister _cby Kate Jenkins, et. al |
||
| 260 |
_aLondon _bH.M.S.O. _c1984 |
||
| 300 | _a38+p. | ||
| 700 | _aJenkins, Kate, et. al | ||
| 999 |
_c491289 _d491289 |
||